000 00650nam a2200205Ia 4500
003 GCL
008 140319s9999 xx 000 0 ara d
040 _aGCL /
_cGCL
082 0 4 _aق
_b962.16
_bس ت
100 1 _aسمية حسن محمد ابراهيم
245 1 0 _aتماثيل الخالدين فى ميادين القاهرة والاسكندرية /
_cسمية حسن محمد ابراهيم
300 _a85
490 _a100 قصة
_v0
650 0 4 _aالاسكندرية
650 0 4 _aالتماثيل
650 0 4 _aالمياه - تنقية
650 0 4 _aالقاهرة
650 0 4 _aالاسكندر الاكبر
942 _2ddc
_cBK
999 _c43643
_d43643